Expert witness update (Record no. 78505)

MARC details
000 -LEADER
fixed length control field 01087cab a22002055a 4500
001 - CONTROL NUMBER
control field L136950
008 - FIXED-LENGTH DATA ELEMENTS--GENERAL INFORMATION
fixed length control field 070306e2007 xxk 000 0 eng d
035 ## - SYSTEM CONTROL NUMBER
System control number (Sirsi) u136950
041 0# - LANGUAGE CODE
Language code of text/sound track or separate title eng
100 1# - MAIN ENTRY--PERSONAL NAME
Personal name Matthews, Stuart
245 ## - TITLE STATEMENT
Title Expert witness update
Remainder of title buildings blocked?
260 ## - PUBLICATION, DISTRIBUTION, ETC.
Date of publication, distribution, etc. 2007
490 #0 - SERIES STATEMENT
Series statement Solicitors' Journal
Volume/sequential designation Expert Witness Update Winter 2007, 12-16(4)
520 ## - SUMMARY, ETC.
Summary, etc. Explores technical and quantum issues surrounding construction disputes and the way that expert evidence is presented. Considers the variety of technical problems that can occur in the built environment and the role of the BRE in producing related guidance. In particular, highlights problems caused by flooring, corrosion and coatings, and cladding. Concludes by discussing the importance of better integration of technical and quantum expert evidence.
590 ## - LOCAL NOTE (RLIN)
Local note KA
651 #4 - SUBJECT ADDED ENTRY--GEOGRAPHIC NAME
Geographic name United Kingdom
Chronological subdivision
690 ## - LOCAL SUBJECT ADDED ENTRY--TOPICAL TERM (OCLC, RLIN)
Topical term or geographic name as entry element MANAGEMENT-DISPUTE AVOIDANCE, MANAGEMENT AND RESOLUTION-DISPUTE MANAGEMENT AND RESOLUTION-EXPERT WITNESSES-EXPERT EVIDENCE
690 ## - LOCAL SUBJECT ADDED ENTRY--TOPICAL TERM (OCLC, RLIN)
Topical term or geographic name as entry element BUILT ENVIRONMENT
942 ## - ADDED ENTRY ELEMENTS (KOHA)
Suppress in OPAC 0
Holdings
Withdrawn status Lost status Source of classification or shelving scheme Damaged status Not for loan Home library Current library Shelving location Date acquired Total Checkouts Full call number Barcode Date last seen Copy number Price effective from Koha item type
    Dewey Decimal Classification     London London Journal article 06/03/2007   L136950 136950-1001 06/08/2019 1 06/08/2019 Journal article